000 00272nam a2200085Ia 4500
245 0 _aA sangoma's story : the calling of Elliot Ndlovu
100 _a Reeder, Melanie Johannesburg, South Africa, 2011
_942613
942 _cBK
008 210817s9999 xx 000 0 und d
999 _c321008
_d321007